000 01634nam a2200373 i 4500
003 EG-GICUC
005 20260121101442.0
008 251208s2006 ua ||||fr|||| 000 0 ara d
017 _a200514869
020 _a9770497495
040 _a EG-GICUC
_bara
_c EG-GICUC
_d EG-GICUC
_erda
041 _aara
082 0 4 _221
_a341.6
_bأ ب . ن
092 0 4 _221
099 _aLaw1 11 341.6 أ ب . ن 1 ed - 2006
100 0 _aأبو الخير أحمد عطيه عمر
_eمؤلف.
245 1 0 _aنظرية الضربات العسكرية الاستباقية :
_bالدفاع الوقائي في ضوء قواعد القانون الدولي المعاصر /
_cأبو الخير أحمد عطيه عمر.
250 _aالطبعة الاولى
264 1 _aالقاهرة :
_bدار النهضة العربية،
_c2006.
300 _a158 صفحة ؛
_c24 سم.
336 _2rda content
_atext
337 _2rda media
_aComputer
338 _2rda carrier
_aOnline Resource
500 _aاهداء مكتبة ا.د. صلاح عامر
500 _aيحتوي على قائمة بالمختصرات
504 _aيحتوي على ارجاعات ببليوجرافية يحتوي على قائمة بالمراجع
546 _aالنص أغلبه باللغة العربية بعض النصوص الإنجليزية والفرنسية
650 1 4 _aالقانون الحربي
_xالقانون الدولي العام
_2qrmak
650 1 4 _aالدفاع الوقائي
_2qrmak
651 1 _2qrmak
856 4 0 _uhttps://fll.law.cu.edu.eg/fulltext/bks/B11-05105.pdf
905 _a75
_eHassnaa
942 _2ddc
_cBK
_e21
_n0
999 _c49154
_d49154